| 000 | 00670nam a2200181Ia 4500 | ||
|---|---|---|---|
| 008 | 090123s9999 xx 000 0 und d | ||
| 082 |
_b18607 _a923.254/मुजार |
||
| 100 | _aमुजावर इसाक | ||
| 245 | _aगुरुदत्त एक अशांत कलावंत | ||
| 250 | _a1 | ||
| 260 |
_bविद्या प्रकाशन _c1989 |
||
| 300 | _a138 | ||
| 600 | _aमुजावर इसाक | ||
| 630 | _aगुरुदत्त एक अशांत कलावंत | ||
| 700 | _aमुजावर इसाक | ||
| 730 | _aगुरुदत्त एक अशांत कलावंत | ||
| 942 | _cBOOK | ||
| 999 |
_c56670 _d56670 |
||